काव्य रचनावली (Record no. 115203)

MARC details
000 -LEADER
fixed length control field 01099nam a2200277Ia 4500
003 - CONTROL NUMBER IDENTIFIER
control field OSt
005 - DATE AND TIME OF LATEST TRANSACTION
control field 20220918110838.0
008 - FIXED-LENGTH DATA ELEMENTS--GENERAL INFORMATION
fixed length control field 220915b |||||||| |||| 00| 0 hin d
037 ## - SOURCE OF ACQUISITION
Terms of availability Reference Collections
040 ## - CATALOGING SOURCE
Original cataloging agency ARTS
Transcribing agency ARTS
Language of cataloging hin
041 ## - LANGUAGE CODE
Source of code hin
Language code of text/sound track or separate title hin
100 ## - MAIN ENTRY--PERSONAL NAME
Personal name शर्मा, बालकृष्ण, नवीन
245 #0 - TITLE STATEMENT
Title काव्य रचनावली
246 ## - VARYING FORM OF TITLE
Title proper/short title Kāvya rachanāvalī
260 ## - PUBLICATION, DISTRIBUTION, ETC.
Place of publication, distribution, etc. नई दिल्ली
Name of publisher, distributor, etc. प्रकाशन संस्थान भारत
Date of publication, distribution, etc. 1997
300 ## - PHYSICAL DESCRIPTION
Extent 361पृ0
490 ## - SERIES STATEMENT
Volume/sequential designation खंड 1
650 ## - SUBJECT ADDED ENTRY--TOPICAL TERM
Topical term or geographic name entry element हिन्दी साहित्य
700 ## - ADDED ENTRY--PERSONAL NAME
Personal name चतुर्वेदी, नरेश चन्द्र, संपा.
9 (RLIN) 9838
942 ## - ADDED ENTRY ELEMENTS (KOHA)
Classification part O152,1M972x, N7.1-.4(RR)
Koha item type Reference
Holdings
Withdrawn status Lost status Damaged status Not for loan Home library Current library Date acquired Serial Enumeration / chronology Total Checkouts Full call number Barcode Date last seen Price effective from Koha item type
        Arts Library Arts Library 2022-09-18 खंड 1   O152,1M972x N7.1-.4(RR) AL1343074 2022-09-18 2022-09-18 Reference
Copyright @ Delhi University Library System